书目信息 |
| 题名: |
翅片管换热器的原理与设计
|
|
| 作者: | 刘纪福 编著 | |
| 分册: | ||
| 出版信息: | 哈尔滨 哈尔滨工业大学出版社 2013.04 |
|
| 页数: | 251页 | |
| 开本: | 26cm | |
| 丛书名: | ||
| 单 册: | ||
| 中图分类: | TQ051.502 | |
| 科图分类: | ||
| 主题词: | 翅板式换热器--设计 , 翅板式换热器 | |
| 电子资源: | ||
| ISBN: | 978-7-5603-3918-4 | |
| 000 | 01097nam0 2200265 450 | |
| 001 | 012013070177 | |
| 005 | 20140611151418.28 | |
| 010 | @a978-7-5603-3918-4@dCNY58.00 | |
| 100 | @a20130604d2013 em y0chiy0110 ea | |
| 101 | 0 | @achi |
| 102 | @aCN@b230000 | |
| 105 | @aak z 000yy | |
| 106 | @ar | |
| 200 | 1 | @a翅片管换热器的原理与设计@9chi pian guan huan re qi de yuan li yu she ji@dTheory and design for fin-tube heat exchangers@f刘纪福编著@zeng |
| 210 | @a哈尔滨@c哈尔滨工业大学出版社@d2013.04 | |
| 215 | @a251页@c图@d26cm | |
| 330 | @a本书较系统而详细地论述翅片管换热器的传热原理和设计方法,并结合翅片管在热管换热器,空气冷却器,余热回收和利用,电子元件的冷却散热等领域中的应用和结构特点,推出了各具特点而又通用的设计方法。 | |
| 333 | @a本书可作为翅片管换热器的设计工具书和设计指导书,也可以作为相关专业的教学参考书 | |
| 510 | 1 | @aTheory and design for fin-tube heat exchangers@zeng |
| 606 | 0 | @a翅板式换热器@x设计 |
| 606 | 0 | @a翅板式换热器 |
| 690 | @aTQ051.502@v5 | |
| 701 | 0 | @a刘纪福@9liu ji fu@4编著 |
| 801 | 0 | @aCN@b人天书店@c20130604 |
| 905 | @b549219-21@dTQ051.502@e240@f3 | |
| 翅片管换热器的原理与设计=Theory and design for fin-tube heat exchangers/刘纪福编著.-哈尔滨:哈尔滨工业大学出版社,2013.04 |
| 251页:图;26cm |
| 使用对象:本书可作为翅片管换热器的设计工具书和设计指导书,也可以作为相关专业的教学参考书 |
| ISBN 978-7-5603-3918-4:CNY58.00 |
| 本书较系统而详细地论述翅片管换热器的传热原理和设计方法,并结合翅片管在热管换热器,空气冷却器,余热回收和利用,电子元件的冷却散热等领域中的应用和结构特点,推出了各具特点而又通用的设计方法。 |
| ● |
| 相关链接 |
|
|
|
|
正题名:翅片管换热器的原理与设计
索取号:TQ051.502/240
 
预约/预借
| 序号 | 登录号 | 条形码 | 馆藏地/架位号 | 状态 | 备注 |
| 1 | 549219 | 205492199 | 第二样本阅览室/ [索取号:TQ051.502/240] | 在馆 | |
| 2 | 549220 | 205492206 | 第三借阅区/ [索取号:TQ051.502/240] | 在馆 | |
| 3 | 549221 | 205492215 | 第三借阅区/ [索取号:TQ051.502/240] | 在馆 |